000 01005nmc a2200349 a 4500
003 AR-BaBNM
005 20251128204145.0
008 295019s1983 ||||||||||||||000 | spa||
020 _a950-25-0032-6
040 _cAR-BaBNM
100 1 _aBéjar, María Dolores
245 1 0 _aUriburu y Justo
_bel auge conservador 1930-1935
260 _aBuenos Aires
_bCentro Editor de América Latina
_c1983
300 0 _a177 p.
490 0 _aBiblioteca política Argentina
_vv. 32
600 1 4 _aMeyer Pellegrini, Carlos
600 1 4 _aAlvarado, Manuel
600 1 4 _aMeabe, Raimundo
600 1 4 _aMartínez de Hoz, José
650 4 _aHISTORIA ARGENTINA
650 4 _aHISTORIA POLITICA ARGENTINA
650 4 _aPARTIDOS POLITICOS ARGENTINOS
650 4 _aOLIGARQUIA
650 4 _aCONSERVADURISMO
650 4 _aPOLITICA ECONOMICA
650 4 _aAUTORITARISMO
651 4 _aBuenos Aires [Provincia]
651 4 _aArgentina
800 1 _aTroncoso, Oscar
_edirector
942 _cBK
998 _cCarmen
999 _c6406
_d6406